Discussions A - Z

שמור ב:
מידע ביבליוגרפי
מחבר ראשי: Wallwork, Adrian
פורמט: ספר
שפה:Undetermined
יצא לאור: Cambridge, UK Oxford University Press 1997
נושאים:
תגים: הוספת תג
אין תגיות, היה/י הראשונ/ה לתייג את הרשומה!
Thư viện lưu trữ: Trung tâm Học liệu Trường Đại học Cần Thơ
LEADER 00613nam a2200205Ia 4500
001 CTU_57709
008 210402s9999 xx 000 0 und d
020 |c 350000 
082 |a 428.34 
082 |b W215a 
100 |a Wallwork, Adrian 
245 0 |a Discussions A - Z 
245 0 |c Adrian Wallwork 
260 |a Cambridge, UK 
260 |b Oxford University Press 
260 |c 1997 
650 |a Tiếng Anh,Tiếng Anh,English language,English language 
650 |x Tiếng Anh giao tiếp,Spoken English 
904 |i Minh, Huỳnh Mai 
980 |a Trung tâm Học liệu Trường Đại học Cần Thơ